000 00584nam a2200181Ia 4500
008 151202s9999||||xx |||||||||||||| ||und||
082 _bPNVM-49114
100 _aअकोळकर अविनाश.
245 _aतिरस्कार.
260 _b"अभिनंदन प्रकाशन, कोल्हापूर."
260 _c2012
300 _a260
600 _aअकोळकर अविनाश.
630 _aतिरस्कार.
700 _aअकोळकर अविनाश.
730 _aतिरस्कार.
942 _cBOOK
999 _c1315011
_d1315008